[Event "29th Politiken Cup"]
[Site "Copenhagen DEN"]
[Date "2007.07.23"]
[Round "4"]
[White "Stripunsky,A"]
[Black "Gretarsson,Hj"]
[Result "1-0"]
[WhiteElo "2589"]
[BlackElo "2168"]

1.c4 c6 2.Nf3 d5 3.e3 Nf6 4.Nc3 e6 5.Qc2 Nbd7 6.b3 b6 7.Bb2 Bb7 8.d4 Be7
9.Be2 O-O 10.O-O Qc7 11.Rad1 Rad8 12.Rfe1 Rfe8 13.a3 dxc4 14.bxc4 c5 15.d5 exd5
16.cxd5 a6 17.a4 Bd6 18.Bc4 Qb8 19.g3 Bc8 20.Qd3 Qa8 21.Nb1 Ne5 22.Nxe5 Bxe5
23.Bxe5 Rxe5 24.e4 Bg4 25.f3 Bh5 26.Nc3 Bg6 27.Bxa6 h5 28.Bb5 h4 29.g4 Qc8
30.h3 Qb8 31.Qf1 Re7 32.Qf2 Qe5 33.Nb1 Qf4 34.Nd2 Nh7 35.Qh2 Ng5 36.Kg2 Ne6
37.Qxf4 Nxf4+ 38.Kh2 f6 39.Nc4 Rb7 40.Bc6 Rbb8 41.Rd2 Be8 42.Bxe8 Rxe8 43.Rb1 Ra8
44.Nxb6 Ra6 45.d6 Ne6 46.d7 Rb8 47.Rd6 Kf7 48.f4 Nd8 49.Rb5 Rxa4 50.Rxc5 Rb4
51.Rc8 R8xb6 52.Rxb6 Rxb6 53.Rxd8 Rb2+ 54.Kg1 Rd2 55.Kf1 Ke7 56.Rg8 Kxd7
57.Rxg7+ Ke6 58.Rh7 Rd4 59.Kf2 Rxe4 60.f5+ Kd6 61.Rh6 Ra4 62.Rxf6+ Ke5 63.Re6+ Kf4
64.f6 Ra2+ 65.Re2 Ra6 66.f7 Rf6 67.Kg2  1-0

[Event "Czech Open GMA"]
[Site "Pardubice CZE"]
[Date "2007.07.23"]
[Round "4"]
[White "Ibrayev,N"]
[Black "Krzesaj,R"]
[Result "1/2-1/2"]
[WhiteElo "2468"]
[BlackElo "2323"]

1.c4 c6 2.Nf3 d5 3.e3 Nf6 4.Nc3 a6 5.Qc2 e6 6.d4 Nbd7 7.b3 Bd6 8.Bd3 O-O
9.O-O e5 10.cxd5 cxd5 11.e4 exd4 12.Nxd5 Nxd5 13.exd5 Nf6 14.Bb2 Bg4 15.Nxd4 Rc8
16.Qb1 Re8 17.h3 Bh5 18.Nf5 Bg6 19.Rd1 Be5 20.d6 Bxf5 21.Bxf5 Bxb2 22.Bxc8 Bxa1
23.d7 Nxd7 24.Bxd7 Re7 25.Bg4 Bd4 26.Qd3 h5 27.Qxd4 Qxd4 28.Rxd4 hxg4 29.Rxg4 Re1+
30.Kh2 Re2 31.a4 Rxf2 32.Rb4 b5 33.axb5 axb5 34.Rxb5 Rb2 35.Kg3 Kh7 36.Kf3 f5
37.g4 fxg4+ 38.hxg4 Kh6 39.b4 g6 40.Ke4 Rg2 41.g5+ Kh5 42.Kd4 Rg4+ 43.Kc3 Rg3+
44.Kc4 Rg4+ 45.Kb3 Rg3+ 46.Ka4 Rf3 47.Rc5 Rf5 48.Rxf5 gxf5 49.Kb3 f4 50.Kc2 Kxg5
51.b5 Kg4 52.b6 f3 53.Kd2 Kh3 54.Ke3 Kg2  1/2-1/2

[Event "29th Politiken Cup"]
[Site "Copenhagen DEN"]
[Date "2007.07.24"]
[Round "5"]
[White "Helgadottir,S"]
[Black "Hobber,A"]
[Result "1-0"]
[WhiteElo "1564"]
[BlackElo "1954"]

1.c4 c6 2.Nc3 d5 3.d4 Nf6 4.Nf3 e6 5.Qc2 Nbd7 6.Bf4 dxc4 7.a4 Bb4 8.e3 b5
9.Nd2 Nd5 10.Bg3 Qa5 11.Nce4 O-O 12.Be2 f5 13.Ng5 N7f6 14.Rd1 Bxd2+ 15.Rxd2 h6
16.Nf3 Ne4 17.O-O Nxd2 18.Nxd2 Bb7 19.Nf3  1-0

[Event "MTO"]
[Site "Biel SUI"]
[Date "2007.07.25"]
[Round "3"]
[White "Bauer,Ch"]
[Black "Arun Prasad,S"]
[Result "1-0"]
[WhiteElo "2626"]
[BlackElo "2448"]

1.c4 c6 2.e4 e5 3.Nf3 Nf6 4.Nc3 Bb4 5.Nxe5 Qe7 6.Nd3 Nxe4 7.Be2 Bd6 8.O-O O-O
9.Re1 Qh4 10.g3 Nxg3 11.hxg3 Bxg3 12.Kg2 Bc7 13.Rh1 Qxc4 14.Ne5 Qe6 15.d4 d5
16.Bd3 h6 17.Bf4 Nd7 18.Nxd7 Qxd7 19.Bxc7 Qxc7 20.Qf3 Re8 21.Rag1 Qd6 22.Ne2 Bd7
23.Ng3 Kf8 24.Rh4 g5 25.Rh5 g4 26.Qd1 Qf4 27.Bf5 Be6 28.Bxe6 fxe6 29.Re1 Re7
30.Qc1 Qf3+ 31.Kg1 Ke8 32.Rxh6 Kd7 33.Qe3 Qxe3 34.Rxe3 Rf8 35.Rg6 Ref7 36.Rgxe6 Rxf2
37.Re7+ Kc8 38.Re8+ Kc7 39.Rxf8 Rxf8 40.Kg2 Kd6 41.Re5 Rf3 42.Nf5+ Kc7 43.Re7+ Kd8
44.Rf7 b6 45.Nd6 Rd3 46.Rxa7 Rxd4 47.Kg3 c5 48.Nf5 Rd2 49.Kf4 Rxb2 50.Ke5 Rf2
51.Nd6 Re2+ 52.Kxd5 Re7 53.Ra8+ Kc7 54.Rc8+ Kd7 55.Rg8 Rh7 56.Nc4 Kc7 57.Ne5 Kb7
58.Rxg4 Rh5 59.Rg2 Ka6 60.Re2 Kb5 61.Rb2+ Ka5 62.Re2 Kb4 63.Kc6 Rh6+ 64.Kc7 b5
65.Nc6+ Ka3 66.Kb6 b4 67.Kxc5 b3 68.axb3 Kxb3 69.Re3+ Kc2 70.Nd4+ Kd2 71.Rg3 Rh8
72.Nb3+ Ke2 73.Kc4 Rc8+ 74.Nc5 Rd8 75.Ne6 Rd7 76.Nd4+ Kf2 77.Rf3+ Kg2 78.Rf6 Kg3
79.Kd3 Kg4 80.Ke4 Kg5 81.Re6 Rf7 82.Nf3+ Kh5 83.Ne5 Rf8 84.Ng6 Ra8 85.Kf5 Ra5+
86.Ne5 Kh4 87.Rg6 Kh3 88.Rg5 Ra4 89.Nc6 Rc4 90.Rg6 Ra4 91.Ne7 Ra5+ 92.Ke4 Ra4+
93.Ke5 Ra5+ 94.Nd5 Kh4 95.Ke4 Rc5  1-0

[Event "Czech Open GMA"]
[Site "Pardubice CZE"]
[Date "2007.07.25"]
[Round "6"]
[White "Grachev,B"]
[Black "Shimanov,A"]
[Result "1-0"]
[WhiteElo "2601"]
[BlackElo "2428"]

1.c4 c6 2.Nf3 d5 3.e3 Nf6 4.b3 Bg4 5.Bb2 Nbd7 6.h3 Bh5 7.Be2 e6 8.O-O Be7
9.d4 O-O 10.Nc3 a6 11.Nd2 Bg6 12.Bf3 b5 13.Qe2 Rb8 14.cxd5 cxd5 15.e4 dxe4
16.Ncxe4 Nd5 17.Rfc1 Qb6 18.g3 Rfc8 19.Bg2 Qd8 20.Nf3 Rxc1+ 21.Rxc1 Rc8 22.Rxc8 Qxc8
23.Ne5 Nxe5 24.dxe5 b4 25.Qd2 Bxe4 26.Bxe4 Nc3 27.Qd3 h6 28.a4 Qc5 29.Qxa6 Nd1
30.Qe2 Nxb2 31.Qxb2 Bd8 32.Qd2 Bb6 33.Kg2 g6 34.h4 h5 35.f4 Kg7 36.Kh3 Ba5
37.Qd3 Qb6 38.Bg2 Qc5 39.Qa6 Qc7 40.Qc6 Qb8 41.Qc5 Qd8 42.Kh2 Kh7 43.Bb7 Kg7
44.Qd6 Qe8 45.Kh3 Qg8 46.Qe7 Qb8 47.Bc6 Bd8 48.Qb7 Qxb7 49.Bxb7 f6 50.exf6+ Kxf6
51.Be4 Bc7 52.Kg2 e5 53.fxe5+ Bxe5 54.a5 g5 55.a6 Bb8 56.Bf3  1-0

[Event "11th Festival Open A"]
[Site "Senta SRB"]
[Date "2007.07.25"]
[Round "6"]
[White "Andonov,B"]
[Black "Miljkovic,Mir1"]
[Result "1/2-1/2"]
[WhiteElo "2383"]
[BlackElo "2405"]

1.c4 c6 2.e4 d5 3.cxd5 cxd5 4.exd5 Nf6 5.Bb5+ Nbd7 6.Nc3 g6 7.Nf3 Bg7 8.O-O O-O
9.Bxd7 Qxd7 10.Qb3 Rd8 11.Re1 Nxd5 12.Nxd5 Qxd5 13.Qxd5 Rxd5 14.Rxe7 Bg4
15.Rxb7 Re8 16.d4 Bxf3 17.gxf3 Bxd4 18.Kf1 Rde5 19.Bf4 Rf5 20.Bg3 Rxf3 21.Rd1 Bb6
22.Rd5 Rc8 23.Kg2 Rf6 24.Rd2 Rf5 25.Rb8 Rxb8 26.Bxb8 h5 27.b4 a5 28.bxa5 Bxa5
29.Rb2 Rc5 30.Ba7 Rc4 31.Be3 f5 32.Rb5 Rg4+ 33.Kf3 Ra4 34.Rb2 Bc7 35.h3 Ra3
36.Rc2 Bb6 37.Kf4 Bxe3+ 38.fxe3 Kg7 39.Kg5 Rxe3 40.Rc7+ Kf8 41.Kxg6 Rxh3
42.a4 Ke8 43.Kxf5 Ra3 44.Rc4 Kd7 45.Ke5 Rg3  1/2-1/2

[Event "ITT"]
[Site "Vicente Lopez ARG"]
[Date "2007.07.25"]
[Round "3"]
[White "Diaz,Nah"]
[Black "Real de Azua,E"]
[Result "1/2-1/2"]
[WhiteElo "2420"]
[BlackElo "2435"]

1.c4 c6 2.b3 d5 3.Bb2 Nf6 4.Nf3 e6 5.Qc2 a5 6.e3 a4 7.bxa4 Na6 8.Nc3 Nc5
9.d4 Nce4 10.Bd3 Qa5 11.c5 Nxc3 12.Bxc3 Qxa4 13.Qb1 Be7 14.O-O Bd8 15.Ne5 Qa7
16.f4 g6 17.g4 Nd7 18.e4 Nxc5 19.exd5 Na4  1/2-1/2

[Event "2nd Crete Summer Cup"]
[Site "Agios Nikolaos GRE"]
[Date "2007.07.27"]
[Round "7"]
[White "Bernal Moro,L"]
[Black "Gogolis,A"]
[Result "1-0"]
[WhiteElo "2431"]
[BlackElo "2289"]

1.c4 c6 2.e4 d5 3.exd5 cxd5 4.cxd5 Nf6 5.Qa4+ Nbd7 6.Nc3 g6 7.Nf3 Bg7 8.Bc4 O-O
9.d3 a6 10.Qa3 b6 11.O-O Bb7 12.Re1 Re8 13.Ng5 b5 14.Bb3 Nb6 15.d6 e6 16.Nge4 Nfd5
17.Nxd5 Nxd5 18.Bg5 f6 19.Bd2 Bf8 20.Ba5 Qb8 21.Bxd5 Bxd5 22.Nxf6+ Kf7 23.Nxe8 Kxe8
24.Qc5  1-0

[Event "Sun Pawn B"]
[Site "Ilichevsk UKR"]
[Date "2007.07.27"]
[Round "7"]
[White "Khakimov,T"]
[Black "Bogdanovich,S"]
[Result "1-0"]
[WhiteElo "2409"]
[BlackElo "2217"]

1.c4 c6 2.d4 d5 3.cxd5 cxd5 4.Nc3 Nf6 5.Bf4 Nc6 6.Nf3 a6 7.e3 Bg4 8.Be2 e6
9.O-O Bd6 10.Bxd6 Qxd6 11.Rc1 O-O 12.Na4 Nd7 13.h3 Bxf3 14.Bxf3 Rfc8 15.Nc5 Nxc5
16.Rxc5 Ne7 17.Qb3 Rxc5 18.dxc5 Qc6 19.Rc1 Rc8 20.Rc3 Ng6 21.Qc2 Ne5 22.Be2 Nd7
23.b4 b5 24.a4 bxa4 25.Ra3 a5 26.bxa5 Nxc5 27.Rc3 e5 28.a6 d4 29.exd4 exd4
30.Rc4 Qb6 31.Qf5 Rc7 32.Rxd4 g6 33.Rd8+ Kg7 34.Qe5+ Kh6 35.Qf4+ Kg7 36.Qe5+ Kh6
37.Rg8  1-0

[Event "Quebec Open"]
[Site "Montreal CAN"]
[Date "2007.07.27"]
[Round "8"]
[White "Kovalyov,A"]
[Black "Sambuev,B"]
[Result "1/2-1/2"]
[WhiteElo "2510"]
[BlackElo "2482"]

1.c4 c6 2.Nf3 d5 3.e3 Nf6 4.Nc3 a6 5.d4 b5 6.b3 Bg4 7.h3 Bxf3 8.gxf3 Nbd7
9.Bd2 e5 10.cxd5 cxd5 11.dxe5 Nxe5 12.f4 Ng6 13.Bd3 Bc5 14.Ne2 Nh4 15.Ng3 O-O
16.O-O Qe7 17.Kh2 Ne4 18.Nxe4 dxe4 19.Be2 Rfd8 20.Qe1 b4 21.Rg1 g6 22.Rc1 Rd5
23.Rc2 Rad8 24.Bc1 Nf3+ 25.Bxf3 exf3 26.Qf1 Qe4 27.Qc4 f5 28.Qxe4 fxe4 29.Rc4 Re8
30.h4 Bd6 31.Kg3 Kf7 32.Bb2 h5 33.Be5 Bxe5 34.fxe5 Rexe5 35.Rxb4 Re6 36.Rc1 g5
37.Rcc4 Rd1 38.hxg5 Rg1+ 39.Kh2 Rg4 40.Kh3 Kg6 41.Rd4 Kxg5 42.Rd5+ Kh6 43.Rbd4 Rg2
44.Rd6 Rxd6 45.Rxd6+ Kg5 46.Rd5+ Kf6 47.Rd2 Ke5 48.Rc2 Rg1 49.Kh2 Rf1 50.Kg3 Rg1+
51.Kh2 Rg2+ 52.Kh3 Kd5 53.b4 Rg1 54.Kh2 Rg2+ 55.Kh3 Rg1 56.Kh2 Rg8 57.Kh3 Rg1  1/2-1/2

[Event "29th Politiken Cup"]
[Site "Copenhagen DEN"]
[Date "2007.07.28"]
[Round "9"]
[White "Svanholm,B"]
[Black "Jepson,C"]
[Result "0-1"]
[WhiteElo "1977"]
[BlackElo "2365"]

1.c4 c6 2.d4 d5 3.Nf3 Nf6 4.e3 Bf5 5.Nc3 e6 6.Bd3 Bb4 7.O-O Qa5 8.Bxf5 exf5
9.Qb3 dxc4 10.Qxc4 Nbd7 11.Bd2 O-O 12.a3 Bxc3 13.Bxc3 Qd5 14.Qxd5 Nxd5 15.Rac1 Rfe8
16.Nd2 N7b6 17.b3 f4 18.e4 Nxc3 19.Rxc3 Rad8 20.Rd3 Nd7 21.d5 Nf6 22.Rd4 cxd5
23.exd5 Rxd5 24.Rxd5 Nxd5 25.Rc1 Kf8 26.Kf1 f6 27.Rc5 Rd8 28.Ke2 Ke7 29.Ne4 b6
30.Rc4 g5 31.Kf3 h6 32.Nc3 Nxc3 33.Rxc3 h5 34.h3 Ke6 35.a4 Rd4 36.Ke2 g4
37.hxg4 hxg4 38.g3 f3+ 39.Ke3 Ke5 40.Rc2 Rb4 41.Rb2 f5 42.Kd3 f4 43.Kc3 Re4
44.gxf4+ Kxf4 45.Kd3 Re7 46.Rb1 Re2 47.Rf1 Rb2 48.Kc3 Rxf2 49.Rxf2 g3 50.Rf1 g2  0-1

[Event "29th Politiken Cup"]
[Site "Copenhagen DEN"]
[Date "2007.07.28"]
[Round "9"]
[White "Helgadottir,S"]
[Black "Sjol,H"]
[Result "1/2-1/2"]
[WhiteElo "1564"]
[BlackElo "1904"]

1.c4 c6 2.d4 d5 3.Nc3 e6 4.Nf3 Nf6 5.Qc2 Nbd7 6.e3 Be7 7.b3 O-O 8.Bd3 b6
9.O-O Bb7 10.Bb2 Re8 11.Rfd1 Rc8 12.e4 dxe4 13.Nxe4 Nxe4 14.Bxe4 Nf6 15.Bd3 g6
16.Ne5 Bf8 17.Re1 Nd7 18.Nxd7 Qxd7 19.h4 h5 20.Re3 Bg7 21.Rd1 f5 22.Rg3 Qf7
23.Qd2 c5 24.dxc5 Bxb2 25.Qxb2 Rxc5 26.Be2 Kh7 27.Rgd3 Rc7 28.Rd8 Rxd8 29.Rxd8 Qg7
30.Qd2 Bc6 31.Rd6 Rd7 32.Rxd7 Qxd7 33.Qxd7+ Bxd7  1/2-1/2

[Event "ch-LIB"]
[Site "Beirut LIB"]
[Date "2007.07.30"]
[Round "5"]
[White "Nader,E"]
[Black "Sakr,N"]
[Result "0-1"]
[WhiteElo "2086"]
[BlackElo "2121"]

1.c4 c6 2.Nf3 d5 3.g3 Nf6 4.b3 Nbd7 5.Bb2 e6 6.Bg2 Bd6 7.O-O O-O 8.d3 Qe7
9.Nbd2 e5 10.e4 dxe4 11.Nxe4 Nxe4 12.dxe4 Nc5 13.Qc2 a5 14.a3 f6 15.b4 Ne6
16.c5 Bc7 17.Rfd1 Rd8 18.Rxd8+ Nxd8 19.Nd2 axb4 20.axb4 Rxa1+ 21.Bxa1 b5
22.cxb6 Bxb6 23.Bc3 Be6 24.Bf1 Bf7 25.Nc4 Bd4 26.Be1 h5 27.Na5 c5 28.b5 Nb7
29.b6 Kh7 30.Ba6 Nxa5 31.Bxa5 c4 32.Bxc4 Bxc4 33.Qxc4 Qb7 34.Qd5 Qa6 35.b7 Ba7
36.Bb4 Qe2 37.Bc5 Bxc5 38.Qxc5 Qe1+ 39.Kg2 Qxe4+ 40.Kg1 Qxb7 41.Qc1 Qf3 42.h4 f5
43.Qg5 Qg4 44.Qd2 e4 45.Kg2 Qf3+ 46.Kg1 f4 47.gxf4 Qg4+ 48.Kf1 Qxh4 49.Qe3 Qh1+
50.Ke2 Qg2 51.Qc1 Qf3+ 52.Ke1 Qh1+ 53.Kd2 Qxc1+  0-1

[Event "Open Women Bulgarian Ch"]
[Site "Vratsa BUL"]
[Date "2007.07.30"]
[Round "7"]
[White "Chilingirova,P"]
[Black "Dragomirescu,An"]
[Result "1-0"]
[WhiteElo "2189"]
[BlackElo "2227"]

1.c4 c6 2.Nf3 d5 3.e3 Nf6 4.b3 Bg4 5.Bb2 e6 6.Be2 Nbd7 7.O-O Bd6 8.d4 O-O
9.Nbd2 Ne4 10.h3 Bh5 11.Nxe4 dxe4 12.Nd2 Bxe2 13.Qxe2 f5 14.f3 exf3 15.Rxf3 e5
16.e4 f4 17.Rd3 Qe7 18.Nf3 exd4 19.Bxd4 Nc5 20.Bxc5 Bxc5+ 21.Kh1 Rad8 22.Rad1 Be3
23.e5 Bb6 24.Qe4 Rxd3 25.Rxd3 Be3 26.Rd1 Re8 27.Qf5 g6 28.Qe4 Kg7 29.g3 Rd8
30.Rf1 Qd7 31.e6 Qd6 32.Ng5 Re8 33.gxf4 h6 34.Qxe3 hxg5 35.f5 Kh6 36.h4 Qe7
37.f6 Qd6 38.hxg5+ Kh7 39.Qh3+  1-0

[Event "Arximiro Penide Cedeira Mem"]
[Site "Arteixo ESP"]
[Date "2007.07.31"]
[Round "8"]
[White "Rusev,K"]
[Black "Dimitrov,Vl"]
[Result "1/2-1/2"]
[WhiteElo "2443"]
[BlackElo "2452"]

1.c4 c6 2.e4 e5 3.Nf3 d6 4.d4 Nd7 5.Nc3 Ngf6 6.Be2 g6 7.O-O Bg7 8.h3 O-O
9.dxe5 dxe5 10.Be3 Qe7 11.Qc2 Nh5 12.Rfd1 Nc5 13.b4 Ne6 14.c5 Nhf4  1/2-1/2

[Event "Open NK"]
[Site "Dieren NED"]
[Date "2007.08.02"]
[Round "9"]
[White "Schenkeveld,Da"]
[Black "Van Roosmalen,S"]
[Result "0-1"]
[WhiteElo "2085"]
[BlackElo "2240"]

1.c4 c6 2.e4 e5 3.Nf3 d6 4.d4 Nd7 5.Be2 Ngf6 6.Nc3 Be7 7.O-O O-O 8.h3 a6
9.a4 a5 10.Be3 Qc7 11.d5 Ne8 12.Nh2 Nc5 13.g4 h6 14.f4 exf4 15.Bxf4 Qb6 16.Kh1 Qxb2
17.Rf3 Qb6 18.Rg3 Bh4 19.Rg1 Bf6 20.Rb1 Qd8 21.Qd2 Qe7 22.Bf3 g5 23.Bg3 Bxc3
24.Qxc3 Nxe4 25.Bxe4 Qxe4+ 26.Nf3 cxd5 27.cxd5 Qxd5 28.Kh2 Be6 29.Rb5 Rc8
30.Qe3 Rc5 31.Rgb1 Nf6 32.Be5 Qe4 33.Qxe4 Nxe4 34.Rxc5 dxc5 35.Rxb7 Rd8 36.Rb8 Rxb8
37.Bxb8 c4 38.Bc7 c3 39.Nd4 Bd7 40.Bxa5 Bxa4 41.Kg2 Bd1 42.Kf1 h5 43.gxh5 c2
44.Nb3 Kh7 45.Bb4 Kh6 46.Ba3 Kxh5 47.Nd4 Kg6 48.Kg2 f6 49.Kf1 f5 50.Kg2 f4
51.Bc1 Nc5 52.h4 Nd3 53.Bd2 f3+ 54.Kh3 f2 55.Kg2 gxh4 56.Kf1 h3  0-1

[Event "Open"]
[Site "Dubna RUS"]
[Date "2007.08.04"]
[Round "1"]
[White "Volodin,Alex"]
[Black "Vakhlamov,I"]
[Result "1-0"]
[WhiteElo "2311"]
[BlackElo "2028"]

1.c4 c6 2.e4 d5 3.exd5 cxd5 4.d4 Nf6 5.Nc3 Nc6 6.Nf3 g6 7.c5 Bg7 8.Bb5 O-O
9.O-O Bg4 10.Bxc6 bxc6 11.Qa4 Bxf3 12.gxf3 Qc7 13.Re1 Rfe8 14.Ne2 Nd7 15.f4 f6
16.Bd2 e5 17.Rac1 Nf8 18.b4 Ne6 19.b5 Nxf4 20.Nxf4 exf4 21.bxc6 f3 22.Qa6 Rxe1+
23.Rxe1 Rb8 24.Kh1 Rb2 25.Ba5 Rxa2 26.Bxc7 Rxa6 27.Bb6 axb6 28.c7 Ra8 29.cxb6  1-0

[Event "Tsiolkovsky Mem"]
[Site "Kaluga RUS"]
[Date "2007.08.05"]
[Round "3"]
[White "Sergeev,Y"]
[Black "Shabanov,Y"]
[Result "0-1"]
[WhiteElo "2173"]
[BlackElo "2431"]

1.c4 c6 2.Nf3 d5 3.g3 Nf6 4.Bg2 Bf5 5.O-O e6 6.b3 Nbd7 7.Bb2 Bd6 8.d3 O-O
9.Nc3 Qe7 10.Re1 Rfd8 11.e4 dxe4 12.dxe4 Bg4 13.Qc2 e5 14.Nd1 Bc5 15.Ne3 Bxf3
16.Bxf3 g6 17.Rad1 Nf8 18.Ng4 N6d7 19.Nh6+ Kg7 20.Qc1 Ne6 21.h4 Bd4 22.Ng4 Bxb2
23.Qxb2 Nd4 24.Kg2 Nf6 25.Ne3 Rd7 26.h5 Rad8 27.hxg6 hxg6 28.Rh1 Rh8 29.Rxh8 Kxh8
30.Rh1+ Nh7 31.Bg4 Rd8 32.b4 Kg7 33.Qc1 Ng5 34.c5 Nxe4 35.Nc4 Ng5 36.Nd6 f5
37.Bd1 Nde6 38.Bb3 f4 39.Qc4 Qf6 40.Rh4 fxg3  0-1

[Event "Valoz Cup GMA"]
[Site "Olomouc CZE"]
[Date "2007.08.05"]
[Round "6"]
[White "Rogule,L"]
[Black "Grandelius,N"]
[Result "1-0"]
[WhiteElo "2316"]
[BlackElo "2271"]

1.c4 c6 2.Nc3 d5 3.d4 Nf6 4.Nf3 e6 5.Bg5 dxc4 6.e4 b5 7.e5 h6 8.Bh4 g5 9.Nxg5 hxg5
10.Bxg5 Nbd7 11.exf6 Qb6 12.Be2 Bb7 13.O-O O-O-O 14.a4 a6 15.axb5 cxb5 16.Bf3 Bh6
17.Bxb7+ Qxb7 18.f4 Rdg8 19.Qf3 Bxg5 20.Ne4 Qb6 21.fxg5 Qxd4+ 22.Kh1 Rh4
23.Nf2 Qd6 24.g3 Rd4 25.h4 Kc7 26.Rfd1 Ne5 27.Qe3 Qc6+ 28.Kg1 Nf3+ 29.Kf1 Rgd8
30.Rxd4 Nxd4 31.Ne4 e5 32.Kf2 Qe6 33.Nc5 Qf5+ 34.Kg2 Kb6 35.Na4+ Kb7 36.Re1 Qg4
37.Nc5+ Kc6 38.Nxa6 Kb6 39.Nb4 Qe6 40.Ra1 Kc5 41.Qa3 Qb6 42.Nc2+ b4 43.Qe3 Qc6+
44.Kf2 Qc7 45.Ra4 Qd7 46.Qxe5+ Qd5 47.Ra5+ Nb5 48.Qc7+ Qc6 49.Qxd8 b3 50.Qd4+  1-0

[Event "Arctic Chess Challenge"]
[Site "Tromso NOR"]
[Date "2007.08.05"]
[Round "2"]
[White "Lie,Es"]
[Black "Carlsen,H"]
[Result "1-0"]
[WhiteElo "2404"]
[BlackElo "2089"]

1.c4 c6 2.Nf3 d5 3.b3 Nf6 4.Bb2 Bf5 5.g3 Nbd7 6.Bg2 e6 7.O-O dxc4 8.bxc4 Qb6
9.Qc1 Be7 10.d3 Qc7 11.e4 Bg6 12.e5 Ng4 13.d4 Rc8 14.h3 Nh6 15.Re1 b5 16.Nbd2 Nb6
17.c5 Nd5 18.Ne4 Bxe4 19.Rxe4 a5 20.Qe1 O-O 21.Bc1 Nf5 22.g4 Nh6 23.Bd2 Rfe8
24.Qc1 Bf8 25.Bxh6 gxh6 26.g5 Kh8 27.Rg4 hxg5 28.Qxg5  1-0

[Event "94th ch-GBR"]
[Site "Great Yarmouth ENG"]
[Date "2007.08.06"]
[Round "7"]
[White "Snape,I"]
[Black "Constantinou,P"]
[Result "1/2-1/2"]
[WhiteElo "2255"]
[BlackElo "2173"]

1.c4 c6 2.e4 d5 3.exd5 cxd5 4.cxd5 Nf6 5.Qa4+ Nbd7 6.Nc3 g6 7.Bc4 Bg7 8.Nf3 O-O
9.d3 a6 10.Qa3 Nb6 11.Qb3 Bf5 12.O-O Nbd7 13.a4 Nc5 14.Qd1 b5 15.axb5 axb5
16.Rxa8 Qxa8 17.Nxb5 Nxd5 18.Nfd4 Bd7 19.Qf3 Nb4 20.Bxf7+ Kh8 21.Qxa8 Rxa8
22.Nc7 Rc8 23.Nde6 Nxe6 24.Nxe6 Nxd3 25.Be3 Ne5 26.Rd1 Ba4 27.Rd8+ Rxd8 28.Nxd8 Nxf7
29.Nxf7+ Kg8 30.Nh6+ Bxh6 31.Bxh6 Kf7 32.Bg5 Ke6 33.Kf1 Kd6 34.Ke2 e6 35.Kd3 Kd5
36.f3 Bb5+ 37.Ke3 Bf1 38.g3 Bc4 39.Bf6 e5 40.b4 Bb5 41.g4 Ke6 42.Bd8 Bc6
43.h4 h5 44.gxh5 gxh5 45.f4 exf4+ 46.Kxf4 Bb5 47.Ke4 Kd7 48.Bg5 Kc6  1/2-1/2

[Event "Arctic Chess Challenge"]
[Site "Tromso NOR"]
[Date "2007.08.06"]
[Round "3"]
[White "Socko,B"]
[Black "Porper,E"]
[Result "1-0"]
[WhiteElo "2660"]
[BlackElo "2474"]

1.c4 c6 2.e4 d5 3.exd5 cxd5 4.cxd5 Nf6 5.Qa4+ Nbd7 6.Nc3 g6 7.Nf3 Bg7 8.Bc4 O-O
9.d3 a6 10.Qa3 Nb6 11.Qb3 Bf5 12.Be3 Nxc4 13.dxc4 b5 14.cxb5 axb5 15.Nd4 Ne4
16.Nxe4 Bxe4 17.Nc6 Qd6 18.f3 Bf5 19.Rc1 e6 20.Bc5 Qf4 21.O-O Rfe8 22.d6 e5
23.Ne7+ Kh8 24.Be3 Qa4 25.Qxa4 bxa4 26.Nxf5 gxf5 27.Rc7 Kg8 28.d7 Red8 29.Rfc1  1-0

[Event "FSIMB August"]
[Site "Budapest HUN"]
[Date "2007.08.08"]
[Round "3"]
[White "Muranyi,K"]
[Black "Koczo,K"]
[Result "1/2-1/2"]
[WhiteElo "2347"]
[BlackElo "2251"]

1.c4 c6 2.Nf3 d5 3.b3 Nf6 4.Bb2 Bg4 5.Ne5 Bh5 6.g3 Nbd7 7.Nxd7 Nxd7 8.Bg2 e6
9.O-O Nf6 10.d3 Be7 11.Nd2 O-O 12.Nf3 Nd7 13.Qc2 Bf6 14.b4 dxc4 15.dxc4 Bxb2
16.Qxb2 Qf6 17.Qb3 Ne5 18.a4 Nxf3+ 19.Bxf3 Bxf3 20.exf3 e5 21.Rfe1 Rad8 22.Re4 Qd6
23.Rae1 f6 24.f4 exf4 25.Rxf4 f5 26.h4 g6 27.a5 Qd2 28.c5+ Rd5 29.Re7 Qd1+
30.Qxd1 Rxd1+ 31.Kg2 Rf7 32.Re8+ Rf8 33.Re7 Rf7 34.Re8+ Rf8 35.Re7  1/2-1/2

[Event "ch-Euro Rapid Women"]
[Site "Predeal ROM"]
[Date "2007.08.08"]
[Round "5"]
[White "Marin,Ir"]
[Black "Babei,A"]
[Result "1-0"]
[WhiteElo "2166"]
[BlackElo "1964"]

1.c4 c6 2.Nf3 d5 3.cxd5 cxd5 4.d4 Nf6 5.Nc3 Nc6 6.Bf4 a6 7.Rc1 Bf5 8.e3 Rc8
9.Be2 e6 10.O-O Be7 11.Qb3 b5 12.Nxb5 axb5 13.Bxb5 Qb6 14.Ne5 O-O 15.Nxc6 Bd8
16.a4 Ne4 17.Qb4 g5 18.a5 Qb7 19.a6 Qb6 20.Bg3 h5 21.a7 h4 22.Bb8  1-0

[Event "HZ Open"]
[Site "Vlissingen NED"]
[Date "2007.08.08"]
[Round "6"]
[White "D'Costa,L"]
[Black "Kasimdzhanov,R"]
[Result "1/2-1/2"]
[WhiteElo "2384"]
[BlackElo "2683"]

1.c4 c6 2.Nf3 d5 3.b3 dxc4 4.bxc4 e5 5.Nc3 Nd7 6.Qc2 Ngf6 7.g3 Be7 8.Bg2 O-O
9.O-O Re8 10.Bb2 Bf8 11.Rad1 Qa5 12.d3 Nc5 13.h3 h6 14.g4 Bd7 15.e3 Rad8
16.Nd2 Bc8 17.Nb3 Qc7 18.Ne2 Na6 19.Ng3 Nh7 20.Kh1 Qe7 21.Qe2 Qh4 22.Nf5 Bxf5
23.gxf5 e4 24.dxe4 Rxd1 25.Qxd1 Ng5 26.Qg4 Qxg4 27.hxg4 Nxe4 28.Kg1 Nd6 29.Rc1 h5
30.gxh5 Nxf5 31.Rd1 Nd6 32.Rd4 Re5 33.Bf3 Rg5+ 34.Kf1 Be7 35.Ba3 c5 36.Rf4 b6
37.Nd2 Bf6 38.Ne4 Nxe4 39.Rxe4 Kf8 40.Bd1 Nc7 41.Bc1 Ne8  1/2-1/2

[Event "RC Sport Open"]
[Site "Ceska Trebova CZE"]
[Date "2007.08.10"]
[Round "1"]
[White "Votava,J"]
[Black "Valickova,M"]
[Result "1-0"]
[WhiteElo "2547"]
[BlackElo "2032"]

1.c4 c6 2.e4 e5 3.Nc3 Bb4 4.Nf3 Qe7 5.a3 Bxc3 6.dxc3 Nf6 7.Qc2 O-O 8.Be2 Rd8
9.O-O d6 10.b4 Bg4 11.Be3 Nbd7 12.Rfd1 Nf8 13.h3 Bh5 14.Nh4 Bxe2 15.Nf5 Qe6
16.Qxe2 d5 17.cxd5 cxd5 18.Ng3 Nxe4 19.Nxe4 dxe4 20.Rxd8 Rxd8 21.Bxa7 f5
22.Rd1 Rxd1+ 23.Qxd1 Qc4 24.Qd6 Qxc3 25.Bc5  1-0

[Event "GM"]
[Site "Paks HUN"]
[Date "2007.08.11"]
[Round "7"]
[White "Grunberg,M"]
[Black "Pataki,G"]
[Result "1/2-1/2"]
[WhiteElo "2472"]
[BlackElo "2382"]

1.c4 c6 2.e4 d5 3.exd5 cxd5 4.cxd5 Nf6 5.Qa4+ Nbd7 6.Nc3 g6 7.Nf3 Bg7 8.Bc4 O-O
9.d3 a6 10.Qa3 b6 11.O-O Bb7 12.Re1 Re8 13.Be3 b5 14.Qb4 Rb8 15.Bb3 Ba8 16.Ng5 h6
17.Nf3 a5 18.Qh4 a4 19.Bc2 h5 20.Qg5 a3 21.Rab1 axb2 22.Bd4 b4 23.Ne4 Bxd5
24.Rxb2 e6 25.Ba4 Rf8 26.Qf4 Ra8 27.Rxb4 Bxa2 28.Qd6 Bd5 29.h3 Rc8 30.Reb1 Qc7
31.Qe7 Bxe4 32.Bxf6 Bxf6 33.Qxd7 Bxf3 34.Qxc7 Rxc7 35.gxf3 Kg7 36.Rc4 Ra7
37.Kf1 Rfa8 38.Bc2 Ra1 39.Ke2 Rxb1 40.Bxb1 Rb8 41.Bc2 Rb2 42.f4 Ra2 43.Rc7 Bd4
44.Rc4 Bb6 45.Kf3 Kf6 46.Rc6 Ba7 47.Rc4 Bb6 48.Rc6 Ba7  1/2-1/2

[Event "Romanian Open"]
[Site "Predeal ROM"]
[Date "2007.08.13"]
[Round "3"]
[White "Doncea,V"]
[Black "Nava Baro,E"]
[Result "1-0"]
[WhiteElo "2456"]
[BlackElo "2268"]

1.c4 c6 2.e4 d5 3.exd5 cxd5 4.cxd5 Nf6 5.Qa4+ Nbd7 6.Nc3 g6 7.Bc4 Bg7 8.Nge2 O-O
9.d3 a6 10.Qa3 Nb6 11.Qb3 Bf5 12.Be3 Nbd7 13.Qxb7 Ng4 14.Qb3 Nde5 15.Qd1 Nxe3
16.fxe3 Ng4 17.Qd2 Qb6 18.d4 Bh6 19.Nf4 Qc7 20.Be2 Nxe3 21.Qxe3 Bxf4 22.Qf3 Bxh2
23.Kf2 Qf4 24.g4 Bd7 25.Kg2 Qxf3+ 26.Bxf3 Bd6 27.Ne4 Rac8 28.Nxd6 exd6 29.Rac1 Rxc1
30.Rxc1 Rc8 31.Rc3 f5 32.gxf5 Rxc3 33.bxc3 gxf5 34.Be2 a5 35.c4 Kg7 36.c5 Kf6
37.Ba6 dxc5 38.dxc5 Ke5 39.c6 Be8 40.c7 Bd7 41.c8=Q Bxc8 42.Bxc8 Kxd5 43.Bxf5 h6
44.a4  1-0

[Event "ch-SLO"]
[Site "Ljubljana SLO"]
[Date "2007.08.14"]
[Round "4"]
[White "Skoberne,J"]
[Black "Lenic,L"]
[Result "1/2-1/2"]
[WhiteElo "2479"]
[BlackElo "2538"]

1.c4 c6 2.Nf3 d5 3.d4 Nf6 4.Qb3 e6 5.Nc3 Be7 6.h3 dxc4 7.Qxc4 b5 8.Qb3 Nbd7
9.Bf4 a6 10.e3 c5 11.a4 b4 12.Nb1 Bb7 13.Nbd2 Rc8 14.a5 O-O 15.Bc4 cxd4 16.exd4 Bd5
17.O-O Rc6 18.Qd3 Bxc4 19.Nxc4 Nd5 20.Bd2 Qc8 21.b3 h6 22.Rac1 Qb7 23.Nfe5 Nxe5
24.dxe5 Bc5 25.Kh2 Qc7 26.f4 Rd8 27.Qe4 Ne7 28.Nd6 Bxd6 29.exd6 Rdxd6 30.Bxb4 Rd5
31.Rc4 Nf5 32.Rfc1 Rxc4 33.Qxc4 Qd8 34.Qc8 Kh7 35.Qxd8 Rxd8 36.Rc6 Ra8 37.Bc5 g5
38.fxg5 hxg5 39.b4 Kg6 40.g4 Ng7 41.Kg3 Ne8 42.Kf3 Nf6 43.Bd6 Nd5 44.Ke4 f6
45.Kd4 Kf7 46.Kc5 Ke8 47.b5 axb5 48.Kxb5 Kd7 49.a6 Ra7 50.Bb8 Nc7+ 51.Rxc7+ Rxc7
52.a7 Rxa7 53.Bxa7 Kd6 54.Bd4 e5 55.Bc5+ Kd5 56.Be7 Ke4 57.Bxf6 Kf4 58.Bxg5+ Kxg5
59.Kc4 Kf4 60.Kc3 Kf3 61.g5 e4 62.g6 e3 63.g7 e2 64.g8=Q e1=Q+ 65.Kb3 Qg3  1/2-1/2

[Event "Acropolis Open"]
[Site "Athens GRE"]
[Date "2007.08.15"]
[Round "2"]
[White "Grivas,E"]
[Black "Logothetis,S"]
[Result "1-0"]
[WhiteElo "2507"]
[BlackElo "2300"]

1.c4 c6 2.Nf3 d5 3.e3 Nf6 4.Nc3 e6 5.Qc2 Nbd7 6.a3 Bd6 7.d4 O-O 8.Bd2 Re8
9.Rd1 Qe7 10.Be2 a6 11.O-O e5 12.dxe5 Nxe5 13.cxd5 cxd5 14.Bc1 Be6 15.Nd4 Rac8
16.Nf5 Bxf5 17.Qxf5 Bxa3 18.Nxd5 Nxd5 19.Rxd5 Bd6 20.Bd2 Rc5 21.Rxc5 Bxc5
22.Qe4 Nc6 23.Qxe7 Bxe7 24.Bf3 Bf6 25.Rb1 g6 26.Kf1 Re7 27.Bxc6 bxc6 28.b3 c5
29.Ke2 Rd7 30.Ba5 Kg7 31.Bb6 Bc3 32.Bxc5 Rd2+ 33.Kf3 a5 34.g4 h6 35.h3 Rd5
36.Ba3 h5 37.Rc1 hxg4+ 38.hxg4 Bf6 39.Rc5 Rd3 40.g5 Ba1 41.Rc1 Be5 42.Rb1 Rd2
43.Ke4 Ra2 44.Bc5 Rc2 45.Bb6 Bc7 46.Kd3 Rc6 47.Bd4+ Kf8 48.Rh1 Ke7 49.Rh8 Bd6
50.Ra8 Bb4 51.f4 Rc1 52.Ra7+ Ke6 53.Ra6+ Ke7 54.Ke4 Rc7 55.Kd5 Rd7+ 56.Ke5 Rb7
57.Ra7 Rxa7 58.Bxa7 Bd6+ 59.Kd5 Kd7 60.Bc5 Bc7 61.Bd4 Bd6 62.Bc3 Bc7 63.Kc5  1-0